La fauna política latinoamericana: neopopulistas, insoportables y reyes pasmados
Saved in:
| Hovedforfatter: | |
|---|---|
| Format: | Bog |
| Sprog: | spansk |
| Udgivet: |
Santiago
COPESA
2004
|
| Udgivelse: | 1a. ed |
| Fag: | |
| Tags: |
Tilføj Tag
Ingen Tags, Vær først til at tagge denne postø!
|
MARC
| LEADER | 00000nam a2200000 a 4500 | ||
|---|---|---|---|
| 001 | UCK2699 | ||
| 003 | CL-VaPUC | ||
| 008 | 050311e20040000CL |||||||||||||||||spa|d | ||
| 020 | |a 9568207074 | ||
| 082 | 0 | 4 | |a 320.98 |b VAR |2 21 |
| 100 | 0 | |a Vargas Llosa, Alvaro |e author |9 490586 | |
| 245 | 1 | 3 | |a La fauna política latinoamericana: neopopulistas, insoportables y reyes pasmados |
| 250 | |a 1a. ed | ||
| 300 | |a 218 p | ||
| 942 | |c BK | ||
| 945 | |d 20050311 00:00:00 |a cmena | ||
| 260 | |a Santiago |b COPESA |c 2004 | ||
| 650 | 7 | |a FILOSOFIA POLITICA |2 CL-VaPUC |9 490587 | |
| 650 | 0 | |a Política y gobierno |9 255151 | |
| 650 | 0 | |a Ideologías políticas |9 255735 | |
| 650 | 0 | |a Poder político |9 255509 | |
| 651 | 0 | |a América Latina |9 255027 | |
| 583 | |a last modification |c 20050311 00:00:00 |k Rodrigo Vera | ||
| 999 | |c 312124 |d 312122 | ||
| 952 | |0 0 |1 0 |4 0 |6 320_980000000000000_VAR_2004 |7 0 |8 A |9 382010 |a BIBCUR |b BIBCUR |d 2019-11-21 |i 4098722 |o 320.98 VAR 2004 |p 4098722 |r 2025-04-22 |w 2019-11-21 |y BK |k PER | ||
| 952 | |0 0 |1 0 |4 0 |6 320_980000000000000_VAR_2004 |7 0 |8 A |9 382011 |a BIBHIS |b BIBHIS |d 2019-11-21 |i 4099176 |o 320.98 VAR 2004 |p 4099176 |r 2025-01-20 |w 2019-11-21 |y BK |k HIS | ||